Oeuvres de Monsieur Passerat dediées a son altesse electorale de Baviere.

Bibliographic Details
Main Author: Passerat, François
Format: Book
Language:English
Published: Brusselles : Chez George de Backer, 1695.

MARC

Tag First Indicator Second Indicator Subfields
LEADER 00000cam a2200000Ia 4500
001 in00002606921
005 20151201154817.0
008 961213s1695 be 000 m eng d
029 1 |a DEBBG  |b BV012768751 
035 |a (OCoLC)ocn181886207 
035 |a (OCoLC)181886207 
040 |a QCL  |c QCL  |d TEF  |d TXA  |d UtOrBLW 
049 |a TXAM 
050 4 |a PQ1877.P22  |b A6 1695 
090 |a PQ1876.P37  |b A6 1695 
100 1 |a Passerat, François. 
240 1 0 |a Works.  |k Selections.  |f 1695 
245 1 0 |a Oeuvres de Monsieur Passerat dediées a son altesse electorale de Baviere. 
264 1 |a Brusselles :  |b Chez George de Backer,  |c 1695. 
300 |a 1 volume (various pagings) :  |b plates ;  |c 17 cm. 
336 |a text  |b txt  |2 rdacontent 
337 |a unmediated  |b n  |2 rdamedia 
338 |a volume  |b nc  |2 rdacarrier 
500 |a Title page in red and black. 
500 |a Each work has individual title page. 
740 0 |a Sabinus 
740 0 |a Heureux accident ou la maison de campagne 
740 0 |a Maison de campagne 
740 0 |a Feinct campagnard 
740 0 |a Amarillis petite pastoralle 
740 0 |a Grand ballet d'Alcide et d'Hebe deesse de la jeunesse 
740 0 |a Bel anglois 
740 0 |a Receuil de poesies diverses sur differens sujets 
948 |a cataloged  |b h  |c 2010/8/31  |d c  |e hgolay  |f 9:37:58 am 
994 |a C0  |b TXA 
999 |a MARS 
999 f f |s 92c3e80d-6148-34dd-9175-1567625c6545  |i 5184a1ce-1a2c-3bc8-b058-a3fe4e5e3ff9  |t 0 
952 f f |p noncirc  |a Texas A&M University  |b College Station  |c Cushing Memorial Library & Archives  |d Cushing: Dawson French (Does not check out)  |t 0  |e PQ1876.P37 A6 1695  |h Library of Congress classification  |i unmediated -- volume 
998 f f |a PQ1876.P37 A6 1695  |t 0  |l Cushing: Dawson French (Does not check out)